The biological mechanisms controlling Hevea brasiliensis rubber yield (Record no. 70479)
[ view plain ]
| 000 -LEADER | |
|---|---|
| fixed length control field | 02413nam a2200241Ia 4500 |
| 100 ## - MAIN ENTRY--AUTHOR NAME | |
| Personal name | Jacob J L |
| 245 #4 - TITLE STATEMENT | |
| Title | The biological mechanisms controlling Hevea brasiliensis rubber yield |
| 260 ## - PUBLICATION, DISTRIBUTION, ETC. (IMPRINT) | |
| Name of publisher | Plantations, Recherche, Developpement |
| Year of publication | 1998 |
| 300 ## - PHYSICAL DESCRIPTION | |
| Number of Pages | 17-May |
| 520 ## - SUMMARY, ETC. | |
| Summary, etc | The production of rubber by the Hevea brasiliensis laticiferous system depends on two major limiting factors: latex flow after tapping and latex regeneration between two tappings. Physiological mechanisms are able to control the functioning of these two limiting factors. Latex flow depends on several parameters: turgor pressure, the characteristics of water transfers from phloem tissue to laticifers after tapping, and processes involved in latex coagulation. These processes are antagonistic: some induce coagulation (hevein, glucanase, etc) others slow it down (alpha-glucosaminidase, chitinase, etc). Latex regeneration is controlled by four essential mechanisms. The first concerns sucrose loading of the laticifers. Sucrose is effectively the fundamental element of cellular metabolism in general, and more specifically of isoprene metabolism. It depends on the carbohydrate availability of elaborated sap flow and bark reserves, but also of its plasmalemmic transfer inside the laticiferous syncitium. The second mechanism concerns the regulation of limiting enzymatic activities in the laticiferous metabolic pathways involved in latex regeneration (i.e. the invertase step). The third mechanism is linked to the availability of biochemical energy and its regeneration in situ. The quantity and the turnover of the adenylic pool play a major role in latex flow and latex regenaration, consequently in rubber yield. The fourth mechanism concerns two aspects: on the one hand, reactions inducing senescence phenomena, which generate toxic molecules of active oxygen species (AOS: O2-H2O2 OH), are responsible for laticifer fatigue and dry bark, whereas biochemcal processes involving antioxidant reactions fight against AOS and detoxify the laticiferous tissues, preserving their latex production capacity. |
| 650 ## - SUBJECT ADDED ENTRY--TOPICAL TERM | |
| Topical Term | Hevea brasiliensis |
| 650 ## - SUBJECT ADDED ENTRY--TOPICAL TERM | |
| Topical Term | Rubber |
| 650 ## - SUBJECT ADDED ENTRY--TOPICAL TERM | |
| Topical Term | Yield |
| 700 ## - ADDED ENTRY--PERSONAL NAME | |
| Personal name | Clement A |
| 700 ## - ADDED ENTRY--PERSONAL NAME | |
| Personal name | Galloise R |
| 700 ## - ADDED ENTRY--PERSONAL NAME | |
| Personal name | Goht E |
| 700 ## - ADDED ENTRY--PERSONAL NAME | |
| Personal name | Joet T |
| 700 ## - ADDED ENTRY--PERSONAL NAME | |
| Personal name | Lacote R |
| 700 ## - ADDED ENTRY--PERSONAL NAME | |
| Personal name | Prevot J C |
| 700 ## - ADDED ENTRY--PERSONAL NAME | |
| Personal name | Pujade-Renau |
| 942 ## - ADDED ENTRY ELEMENTS (KOHA) | |
| Koha item type | Journals |
| Withdrawn status | Lost status | Damaged status | Not for loan | Home library | Current library | Shelving location | Date acquired | Serial Enumeration / chronology | Koha item type |
|---|---|---|---|---|---|---|---|---|---|
| Journals | RRII Library | RRII Library | Physiology | 17/12/2021 | Volume 5, Issue 1 | Journals |